Catalog

Record Details

Catalog Search



Intelligent Robotics and Applications 5th International Conference, ICIRA 2012, Montreal, Canada, October 3-5, 2012, Proceedings, Part II  Cover Image E-book E-book

Intelligent Robotics and Applications 5th International Conference, ICIRA 2012, Montreal, Canada, October 3-5, 2012, Proceedings, Part II

Su, Chun-Yi. (editor.). Rakheja, Subhash. (editor.). Liu, Honghai. (editor.). SpringerLink (Online service) (Added Author).

Record details

  • ISBN: 9783642335150
  • Physical Description: electronic
    electronic resource
    access
    remote
    XXI, 715 p. 430 illus. online resource.
  • Publisher: Berlin, Heidelberg : Springer Berlin Heidelberg : Imprint: Springer, 2012.
Subject: Computer science
Software engineering
Artificial intelligence
Computer vision
Optical pattern recognition
Computer Science
Artificial Intelligence (incl. Robotics)
Pattern Recognition
Image Processing and Computer Vision
Computers and Society
Computer Applications
Special Purpose and Application-Based Systems

Electronic resources


LDR 02058nam a22005175i 4500
00132735
003CONS
00520130727060737.0
007cr nn 008mamaa
008120930s2012 gw | s |||| 0|eng d
020 . ‡a9783642335150 ‡9978-3-642-33515-0
0247 . ‡a10.1007/978-3-642-33515-0 ‡2doi
035 . ‡a(DE-He213)978-3-642-33515-0
050 4. ‡aQ334-342
050 4. ‡aTJ210.2-211.495
072 7. ‡aUYQ ‡2bicssc
072 7. ‡aTJFM1 ‡2bicssc
072 7. ‡aCOM004000 ‡2bisacsh
1001 . ‡aSu, Chun-Yi. ‡eeditor.
24510. ‡aIntelligent Robotics and Applications ‡h[electronic resource] : ‡b5th International Conference, ICIRA 2012, Montreal, Canada, October 3-5, 2012, Proceedings, Part II / ‡cedited by Chun-Yi Su, Subhash Rakheja, Honghai Liu.
264 1. ‡aBerlin, Heidelberg : ‡bSpringer Berlin Heidelberg : ‡bImprint: Springer, ‡c2012.
300 . ‡aXXI, 715 p. 430 illus. ‡bonline resource.
336 . ‡atext ‡btxt ‡2rdacontent
337 . ‡acomputer ‡bc ‡2rdamedia
338 . ‡aonline resource ‡bcr ‡2rdacarrier
347 . ‡atext file ‡bPDF ‡2rda
4901 . ‡aLecture Notes in Computer Science, ‡x0302-9743 ; ‡v7507
650 0. ‡aComputer science.
650 0. ‡aSoftware engineering.
650 0. ‡aArtificial intelligence.
650 0. ‡aComputer vision.
650 0. ‡aOptical pattern recognition.
65014. ‡aComputer Science.
65024. ‡aArtificial Intelligence (incl. Robotics).
65024. ‡aPattern Recognition.
65024. ‡aImage Processing and Computer Vision.
65024. ‡aComputers and Society.
65024. ‡aComputer Applications.
65024. ‡aSpecial Purpose and Application-Based Systems.
7001 . ‡aRakheja, Subhash. ‡eeditor.
7001 . ‡aLiu, Honghai. ‡eeditor.
7102 . ‡aSpringerLink (Online service)
7730 . ‡tSpringer eBooks
77608. ‡iPrinted edition: ‡z9783642335143
830 0. ‡aLecture Notes in Computer Science, ‡x0302-9743 ; ‡v7507
85640. ‡uhttp://biblioteca.ipicyt.edu.mx:2048/login?url=http://dx.doi.org/10.1007/978-3-642-33515-0 ‡yTexto completo ‡9CONS
950 . ‡aComputer Science (Springer-11645)
901 . ‡a32735 ‡b ‡c32735 ‡tbiblio ‡sSystem Local

Additional Resources